Sports Quiz

Random Sports or Football Quiz

Sports Champions of 2010 Quiz Stats

 Plays Quiz not verified by Sporcle

Challenge
Share
Tweet
Embed
Score 0/22 Timer 05:00
0 Plays Today
The Competition The Champions % Correct
Premier LeagueCHELSEA
93.8%
FA CupCHELSEA
93.8%
Wimbledon Women's SinglesSERENA WILLIAMS
91.3%
Wimbledon Men's SinglesRAFAEL NADAL
90%
US Open Men's Singles (Tennis)RAFAEL NADAL
90%
Six Nations Rugby UnionFRANCE
67.5%
World SeriesSAN FRANCISCO GIANTS
52.5%
BBC Sports Personality of the Year [Horse Racing]TONY MCCOY
48.8%
US Masters GolfPHIL MICKELSON
45%
NBALOS ANGELES LAKERS
45%
SuperbowlNEW ORLEANS SAINTS
40%
The Competition The Champions % Correct
Rugby Super LeagueWIGAN WARRIORS
35%
Friends Life t20 (Cricket, 20 overs)HAMPSHIRE ROYALS
31.3%
Stanley CupCHICAGO BLACKHAWKS
30%
US Open Women's Singles (Tennis)KIM CLIJSTERS
26.3%
County Cricket ChampionshipNOTTINGHAMSHIRE
22.5%
World SnookerNEIL ROBERTSON
22.5%
Sports Illustrated Sportsman of the Year [American Football]DREW BREES
21.3%
British Open Golf LOUIS OOSTHUIZEN
20%
British Grand PrixMARK WEBBER
16.7%
US Open Golf GRAEME MCDOWELL
12.5%
Indianapolis 500DARIO FRANCHITTI
6.7%

You're not logged in!

Compare scores with friends on all Sporcle quizzes.
Join for Free
OR
Log In

You Might Also Like...

Show Comments

Extras

Top Quizzes Today


Score Distribution

Your Account Isn't Verified!

In order to create a playlist on Sporcle, you need to verify the email address you used during registration. Go to your Sporcle Settings to finish the process.

Report this User

Report this user for behavior that violates our Community Guidelines.

Details: